| 000 | 00764cam a22002291 4500 | ||
|---|---|---|---|
| 001 | gs 05000696 | ||
| 003 | DLC | ||
| 005 | 20260227111301.0 | ||
| 008 | 830928s1896 dcu b f00010 eng | ||
| 010 | _ags 05000696 //r862 | ||
| 040 |
_aDLC/ICU _cICU _dDLC |
||
| 043 | _an------ | ||
| 050 | 0 |
_aQE75 _b.B9 no. 127 |
|
| 051 |
_aZ6034.U49 _bD2 _cCopy 2. |
||
| 100 | 1 | 0 |
_aDarton, Nelson Horatio, _d1865-1948. |
| 245 | 0 | 0 |
_aCatalogue and index of contributions to North American geology, 1732-1891, _cby Nelson Horatio Darton. |
| 260 | 0 |
_aWashington, _bGov't print. off., _c1896. |
|
| 300 |
_a1045 p. _c24 cm. |
||
| 490 | 1 |
_aU.S. Geological survey. Bulletin _vno. 127 |
|
| 650 | 0 |
_aGeology _zNorth America _xBibliography. |
|
| 830 | 0 |
_aGeological Survey bulletin ; _v127. |
|
| 999 |
_c24267 _d24267 |
||